Los falsos Demetrios (Record no. 102470)

MARC details
000 -LEADER
campo de control de longitud fija 00769nam a2200217 i 4500
001 - NÚMERO DE CONTROL
campo de control 102470
003 - IDENTIFICADOR DE NÚMERO DE CONTROL
campo de control ES-MaACL
005 - FECHA Y HORA DE LA ÚLTIMA TRANSACCIÓN
campo de control 20250927111601.0
007 - CAMPO FIJO DE DESCRIPCIÓN FÍSICA--INFORMACIÓN GENERAL
campo de control de longitud fija t|
008 - DATOS DE LONGITUD FIJA--INFORMACIÓN GENERAL
campo de control de longitud fija 051111s1961 sp |||| |dspa d
100 1# - ENTRADA PRINCIPAL--NOMBRE DE PERSONA
Nombre de persona Mérimée, Prosper (
Fechas asociadas al nombre 1803-1870)
9 (RLIN) 80507
245 14 - MENCIÓN DEL TÍTULO
Título Los falsos Demetrios
Resto del título : episodio de la historia de Rusia /
Mención de responsabilidad, etc. Prosper Mérimée ; traducción de A. Escarpizo.
260 ## - PUBLICACIÓN, DISTRIBUCIÓN, ETC.
Lugar de publicación, distribución, etc. Barcelona :
Nombre del editor, distribuidor, etc. Lorenzana,
Fecha de publicación, distribución, etc. 1961.
300 ## - DESCRIPCIÓN FÍSICA
Extensión 319 p. ;
Dimensiones 24 cm.
600 07 - PUNTO DE ACCESO ADICIONAL DE MATERIA--NOMBRE DE PERSONA
Nombre de persona Demetrio
Numeración I,
Títulos y otros términos asociados al nombre Emperador de Rusia,
Fechas asociadas al nombre -1606
Fuente del encabezamiento o término
9 (RLIN) 164928
600 07 - PUNTO DE ACCESO ADICIONAL DE MATERIA--NOMBRE DE PERSONA
Nombre de persona Demetrio
Numeración II,
Fechas asociadas al nombre -1610
Fuente del encabezamiento o término
9 (RLIN) 164929
651 #4 - PUNTO DE ACCESO ADICIONAL DE MATERIA--NOMBRE GEOGRÁFICO
Nombre geográfico Rusia-
Subdivisión general Historia-
Subdivisión cronológica 1598-1613, Época de los disturbios.
9 (RLIN) 164930
700 1# - ENTRADA AGREGADA--NOMBRE PERSONAL
Nombre de persona Escarpizo, A.
9 (RLIN) 47517
852 ## - LOCALIZACIÓN
Ubicación ES-MaACL
Número de control de estantería C-21321
Holdings
Estatus retirado Estado de pérdida Estado de daño No para préstamo Biblioteca de origen Biblioteca actual Ubicación en estantería Fecha de adquisición Fuente de adquisición Total de préstamos Signatura topográfica completa Código de barras Visto por última vez Precio de reemplazo Tipo de ítem Koha
        Biblioteca del Ateneo de Madrid Biblioteca del Ateneo de Madrid Galería 17/01/2008     C-21321 1106966 23/02/2023 23/02/2023 Libro impreso